000 00532nam a2200181Ia 4500
005 20260415160348.0
008 008 250505s9999 xx 000 0 eng d
037 _aTextual
040 _aFEDL
_beng
_cFEDL
041 _aeng
_2eng
084 _a292 SEW
_qFEDL
100 _aSewell Helen
_9755886
245 0 _aBook of myths selections from bulfnch's age of fable
260 _aNew York, USA
_bThe Macmillan Company
_c1953
300 _a126p.
942 _cTEXL
_h292 SEW
999 _c1322115
_d1322115